Statistiques concernant Premier league - le quiz

Cliquez ici pour prendre le quiz!

Statistiques générales

  • Ce quiz a été pris 312 fois
  • Le résultat moyen est 15 sur 20

Statistiques - réponses

QuestionRéponse% Correct
Dans quel club évolue actuellement Harry Maguire ?Manchester United
99%
Quelle équipe est la plus titrée de l’histoire du championnat ?Manchester United
99%
Quel club a compté dans ses rangs Mario Balotelli, Vincent Kompany et Sergio AgüeroManchester City
95%
Dans quel club jouait-il ?FC Liverpool
94%
Dans quelle ville se situe le club d’Everton ?Liverpool
94%
Quel sud coréen joue actuellement à Tottenham ?Son
92%
Quelle équipe a créé la surprise lors de la saison 2015-2016 en remportant la PL pour la seule fois de son histoire ?Leicester
89%
A quand remonte le dernier sacre de Chelsea en C1 ?2021
88%
En parlant d’Agüero, à la combientième minute a-t-il offert le but du titre 2011-2012 face à QPR ?93ème
85%
Quelle équipe affronte Arsenal lors du North London Derby ?Tottenham
83%
Combien de saisons Arsène Wenger a coaché Arsenal ?21
82%
Quel club est réputé pour prendre des joueurs de nationalité portugaise ?Wolves
78%
Quel joueur a glissé lors d’un match contre Chelsea, faisant perdre le titre (en partie) à son club en 2013-2014Steven Gerrard
75%
Quel état possède Manchester City ?Émirats Arabes Unis
69%
En quelle année à été lancée la Premier league ère moderneSaison 1992-1993
69%
Qui est l’arrivée la plus chère de l’histoire de Chelsea ?Enzo Fernandez
57%
Dans quelle ville se situe le club de Southampton FC ?Southampton
46%
Au sujet de ce club, complétez cette phrase : no … , no partyVardy
37%
Qui est l’actuel président de Chelsea ?Todd Boehly
23%
Qui est actuellement le meilleur buteur de l’histoire de la Premier leagueJimmy Greaves
3%

Distribution des résultats

Percentile par nombre de réponses

% des personnes avec chaque résultat

Votre développement - résultats

Vous n’avez pas pris ce quiz